Szczegóły MARC21

131 expressionistische Gedichte /

003 -Nazwa inst., której nr kontr. jest w polu 001 [,]
    • @
    • Nazwa instytucji, której n kontrolny jest w polu 001
    • NUKAT
005 -DATA I CZAS OSTATNIEJ MODYFIKACJI [,]
    • @
    • pole kontrolne
    • 20241231100255.0
020 -Międzynarod. znormalizowany nr książki - ISBN [ , ]
    • a
    • Numer ISBN
    • 3803122201 Find
040 -Instytucja sporządzająca opis [ , ]
    • a
    • Instytucja, która sporządziła opis (NP)
    • KIEL 010/KZ
    • c
    • Instytucja, która sporządziła rekord (NP)
    • KIEL 010/KZ
    • d
    • Instytucja, która zmodyfikowała rekord (P)
    • KIEL 010/KZ
    • d
    • Instytucja, która zmodyfikowała rekord (P)
    • KIEL 010/JRs
942 -Rodzaj dokumentu [ , ]
    • c
    • Rodzaj dokumentu
    • Książka
245 -Strefa tytułu i oznaczenia odpowiedzialności [0,0]
    • a
    • Tytuł
    • 131 expressionistische Gedichte / Find
    • c
    • Pozostałe elementy strefy tytułu i oznaczenia odpowiedzialności (NP)
    • hrsg. von Peter Rühmkorf.
246 -Wariant tytułu [3,0]
    • a
    • Tytuł (NP)
    • Hunderteinunddreissig expressionistische Gedichte
246 -Wariant tytułu [1,4]
    • a
    • Tytuł (NP)
    • Expressionistische Gedichte
250 -Strefa wydania [ , ]
    • a
    • Oznaczenie wydania (NP)
    • Neuausg., 4.-6. Tsd.
260 -Strefa adresu wydawniczego [ , ]
    • a
    • Miejsce wydania (P)
    • Berlin :
    • b
    • Nazwa wydawcy (P)
    • Verlag Klaus Wagenbach,
    • c
    • Data wydania (P)
    • 1994.
300 -Strefa opisu fizycznego [ , ]
    • a
    • Określenie formy książki i/lub objętość (NP)
    • 158, [1] s.:
    • b
    • Oznaczenie ilustracji (NP)
    • il. ;
    • c
    • Format (NP)
    • 19 cm.
336 -Typ zawartości [ , ]
    • a
    • Termin opisujący typ zawartości
    • Tekst
    • b
    • Kod określający zawartość
    • txt
    • 2
    • Źródło (terminu i kodu)
    • rdacontent
337 -Typ mediów [ , ]
    • a
    • Tryb odtwarzania
    • Bez urządzenia pośredniczącego
    • b
    • Kod typu mediów
    • n
    • 2
    • Źródło (terminu i kodu)
    • rdamedia
338 -Typ/rodzaj nośnika [ , ]
    • a
    • Hasło opisujące typ nośnika
    • Wolumin
    • b
    • Kod typu nośnika
    • nc
    • 2
    • Źródło (terminu i kodu)
    • rdacarrier
490 -Strefa serii i książki wielotomowej - forma nie do wyszukiwania [1, ]
    • a
    • Tytuł (P)
    • Wagenbachs Taschenbuch ; Find
    • v
    • Numeracja (P)
    • 220
830 -Hasło dodatkowe serii i opisu książki wielotomowej - tytuł ujednolicony/tytuł [ ,0]
    • a
    • Tytuł ujednolicony/tytuł (NP)
    • Wagenbachs Taschenbuch
    • v
    • Oznaczenie tomu (NP)
    • 220
    • 9
    • KHW
    • 469155
080 -Uniwersalna Klasyfikacja Dziesiętna [ , ]
    • a
    • Symbol klasyfikacji
    • 830-1(082.2)=30
080 -Uniwersalna Klasyfikacja Dziesiętna [ , ]
    • a
    • Symbol klasyfikacji
    • +830(436)-1(082.2)=30
080 -Uniwersalna Klasyfikacja Dziesiętna [ , ]
    • a
    • Symbol klasyfikacji
    • +830(494)-1(082.2)=30
650 -Hasło przedmiotowe [ ,7]
    • a
    • Hasło przedmiotowe
    • Ekspresjonizm (literatura)
    • z
    • Określnik geograficzny
    • Austria.
    • 2
    • Źródło terminu
    • kaba
    • 9
    • KHW
    • 632916
655 -Hasło w funkcji tematu formalnego [ ,7]
    • a
    • Hasło
    • Poezja niemieckojęzyczna
    • y
    • Określnik chronologiczny
    • 1870-1914
    • v
    • Określnik formy
    • antologie.
    • 2
    • Źródło terminu
    • kaba
    • 9
    • KHW
    • 486210
980 -Symbol UKD [ , ]
    • a
    • UKD
    • 830-1+830(436)-1+830(494)-1](082.2)=30
700 -Hasło dodatkowe - nazwa osobowa [1, ]
    • a
    • Nazwa osobowa (NP)
    • Rühmkorf, Peter Find
    • d
    • Daty biograficzne (NP)
    • (1929-2008).
    • e
    • Określenie rodzaju współpracy
    • Red.
    • 9
    • KHW
    • 251172
710 -Hasło dodatkowe - nazwa ciała zbiorowego [2, ]
    • a
    • Nazwa ciała zbiorowego lub nazwa geograficzna jako pierwszy element (NP)
    • Verlag Klaus Wagenbach.
    • 4
    • Kod relacji
    • pbl
    • 9
    • KHW
    • 90327
920 -ISBN [ , ]
    • a
    • ISBN
    • 3-8031-2220-1 Find
Sygnatura Data inwentaryzacji Lokalizacja Status udost. Numer inwentarzowy
Germ. Antologie – poezja 111998-09-18BM-3G.13983